00603nam a2200169Ia 4500008004100000020001500041041001200056082001600068100001300084245010400097260002500201300000800226650001600234942000700250999001500257952016100272221030s9999 xx 000 0 und d a8120308689 aEnglish a105.23bKos aB. Kosko 0aNeural Networks & Fuzzy Systems - A Dynamical Systems Approach to Machine Intelligencecby B. Kosko bPHIaNew Delhic2000 a449 aBE Computer cBK c1531d1531 pBE 1165g275.00l0o105.23 Kosr2024-06-13 00:00:00w2022-10-30yBK003Print4071aMIETLIBbMIETLIBcBL-Second, FL-1, CUP-54, SH-6, R-6d2000-03-2410HBE